Study of the epoxidation of polydiene rubbers II. Influence of the microstructure on the epoxidation of BR with performic acid (Record no. 69804)

MARC details
000 -LEADER
fixed length control field 00580nam a2200193Ia 4500
100 ## - MAIN ENTRY--AUTHOR NAME
Personal name Jacobi M M
245 #0 - TITLE STATEMENT
Title Study of the epoxidation of polydiene rubbers II. Influence of the microstructure on the epoxidation of BR with performic acid
260 ## - PUBLICATION, DISTRIBUTION, ETC. (IMPRINT)
Name of publisher Kautschuk Gummi Kunststoffe
Year of publication 2004
300 ## - PHYSICAL DESCRIPTION
Number of Pages 82-88
650 ## - SUBJECT ADDED ENTRY--TOPICAL TERM
Topical Term BR
650 ## - SUBJECT ADDED ENTRY--TOPICAL TERM
Topical Term In situ epoxidation
650 ## - SUBJECT ADDED ENTRY--TOPICAL TERM
Topical Term Kinetics of epoxidation
650 ## - SUBJECT ADDED ENTRY--TOPICAL TERM
Topical Term Performic acid
700 ## - ADDED ENTRY--PERSONAL NAME
Personal name Santin C K
700 ## - ADDED ENTRY--PERSONAL NAME
Personal name Schuster R H
700 ## - ADDED ENTRY--PERSONAL NAME
Personal name Viganico M E
942 ## - ADDED ENTRY ELEMENTS (KOHA)
Koha item type Journals
Holdings
Withdrawn status Lost status Damaged status Not for loan Home library Current library Shelving location Date acquired Serial Enumeration / chronology Koha item type
      Journals RRII Library RRII Library Rubber chemistry 17/12/2021 Volume 57, Issue 3 Journals